dtb Drug and Therapeutics Bulletin (Registro nro. 1178)

Detalles MARC
000 -LEADER
fixed length control field 00554nas a22001577a 4500
008 - CAMPO DE CONTROL RECURSOS CONTINUADOS
fixed length control field 130226t20069999enk||||| |||| 00| 0 eng d
022 ## - INTERNATIONAL STANDARD SERIAL NUMBER
International Standard Serial Number 0012-6543
245 ## - TITULO
Titulo dtb Drug and Therapeutics Bulletin
Mención de responsabildady, etc from de BMJ Group
260 ## - PUBLICACION, DISTRIBUCION, ETC. (PIE DE IMPRENTA)
Lugar de publicación, distribución, etc London:
Nombre de la editorial, distribuidor, etc. BMJ Group,
Fecha de publicación 2006
300 ## - DESCRIPCION FISICA
Extensión v. :
546 ## - NOTA DE IDIOMA
Nota de lenguaje inglés
590 ## - NOTAS LOCALES (RLIN)
Nota local Existencias: 2006 44(4,5,7,9); 2007 45(3)<br/>BAJA DEPOSITO (CAJA 24) MAYO 2019
650 ## - MATERIA-TERMINO TEMATICO
Término temático PREPARACIONES FARMACEUTICAS
9 (RLIN) 1907
856 ## - LOCALIZACION ELECTRONICA Y ACCESO
Identificador Uniforme de Recurso (URI) <a href="http://dtb.bmj.com/">http://dtb.bmj.com/</a>
Nota pública Link: solo se accede a free full text mediante suscripción
942 ## - ADDED ENTRY ELEMENTS (KOHA)
Source of classification or shelving scheme Dewey Decimal Classification
Item type Continuing Resources

No hay ítems disponibles.


UNIVERSIDAD NACIONAL DEL COMAHUE
Biblioteca de la Facultad de Ciencias Médicas
Sede Toschi: Los Arrayanes y Av. Toschi, Cipolletti  - Rio Negro
Sede Los Tordos:  Yrigoyen al 2211, Cipolletti - Rio Negro 

Teléfono: 0299 - 4774707 int 25
Contacto: biblioteca@facimed.uncoma.edu.ar
© 2011 - 2026